00756 2200229 4500001002100000005001700021008004100038035002400079082001200103090002300115100002200138245014100160260002900301300003800330500006400368500002800432650001700460850001500477980001300492985000600505999001500511YOGYA-0209000003952420090227025500.0 ind  0010-020900000039524 a658.155 a658.155bKos ElSK aKOSWARA, Lucianni aEvaluasi pembelanjaan aktiva tetap untuk program perluasan perusahaanbstudi kasus pada rajawali tari Yogyakartacoleh, Lucianni Koswara aYogyakartab[s.n.]c1995 axiii, 63, [1] lembarbilusc30 cm aSkripsi : Fakultas Ekonomi Universitas Atma Jaya Yogyakarta aBibliografi : lembar 63 aPembelanjaan aYOPDYOG(B) a30-01-08 a1 a07A0028525